000 00450nam a22001577a 4500
003 LC
005 20160328104939.0
008 151127b xxu||||| |||| 00| 0 eng d
020 _a9781107654228
050 _aPE 1114 .P571 2015
100 _aPhilpot, Brad
245 _aEnglish B for the IB diploma
_cBrad Philpot
260 _aUnited Kingdom
_bCambridge University Press
_c2013
300 _a366 pages.,
_bcol.,ill.;
_c28 cm.
942 _2lcc
_cBK
999 _c288988
_d288988